| 000 | 01507nam a2200217Ia 4500 | ||
|---|---|---|---|
| 003 | Ost | ||
| 005 | 20260507075109.0 | ||
| 008 | 260507s9999||||xx |||||||||||||| ||und|| | ||
| 040 | _cfsecg | ||
| 041 | _aara | ||
| 082 | _a330 | ||
| 100 |
_aالشريعي، احمد البدوي محمد _eمؤلف |
||
| 245 | 0 |
_aجغرافية العمران الريفي : _bبحوث تطبيقية / _c احمد البدوي محمد الشريعي |
|
| 260 |
_aالقاهرة: _bدار الفكر العربي, _c1996 |
||
| 300 |
_a232 صفحة؛ _bارجاعات بيبليوغرافية ، ملاحق وجداول _c24 سم |
||
| 520 | _aيعد هذا الكتاب من الدراسات الرائدة التي تهتم بقضايا العمران الريفي في المنطقة العربية وان كان قد سبقته بعض الدراسات في نفس المجال الا منهجية الدراسة واسلوب المعالجة وطريقة الطرح في هذه البحوث جاءت مختلفة كثيرا عما سبقتها فعلى الرغم من أن للعمران الريفي الضوء على تباين انماط الحية الإقتصادية الريفية وأثر ذلك على البنية العمرانية في بعض البلاد الوطن العربي كان اهم اسباب كتابة هته البحوث. | ||
| 653 | _aالجغرافيا البشرية | ||
| 653 | _aالحياة الريفية | ||
| 653 | _aعمران ريفي - جغرافيا | ||
| 942 | _cكتاب | ||
| 999 |
_c42850 _d42850 |
||